000 01099cam a2200313 a 4500
001 3348
005 20240229095034.0
020 _a0439443881 (lib. bdg.)
040 _aDLC
_cDLC
_dDLC
_beng
050 0 0 _aQA248.T365
_b 2003
082 0 0 _a510
100 1 _aTang, Greg
245 1 0 _aMath-terpieces :
_cby Greg Tang ; illustrated by Greg Paprocki
_bThe art of poblem-solving /
246 3 _aMathterpieces
260 _aNew York :
_bScholastic ,
_c2003
300 _a31 pages :
_bcolor illustrations ;
_c26 cm.
505 _aK
520 _aA series of rhymes about artists and their works introduces counting and grouping numbers, as well as such artistic styles as cubism, pointillism, and surrealism.
521 _a520
_bKexile estimate
521 _aK
_bRaz-Plus
650 0 _aSet theory
_vJuvenile literature
650 0 _aCounting
_vJuvenile literature
650 0 _aArt in mathematical education
650 1 _aSet theory
650 1 _aCounting
650 1 _aArt appreciation
_vnon-fiction
906 _a7
_bcbc
_corignew
_d1
_eecip
_f20
_gy-gencatlg
942 _2ddc
_cBK
_n0
999 _c3348
_d3348